ბათუმის შოთა რუსთაველის სახელმწიფო უნივერსიტეტის ბიბლიოთეკა

Fundamentals of Geomorphology. Routledge Fundamentals of Physical Geography. (ბიბ.ჩანაწერი № 36351)

000 -LEADER
fixed length control field 00547nam a2200205Ia 4500
001 - CONTROL NUMBER
control field 2263
003 - CONTROL NUMBER IDENTIFIER
control field GE_BSU
008 - FIXED-LENGTH DATA ELEMENTS--GENERAL INFORMATION
fixed length control field 181216s||||||||xx |||||||||||||| ||und||
020 ## - INTERNATIONAL STANDARD BOOK NUMBER
International Standard Book Number 9780415241465
040 ## - CATALOGING SOURCE
Transcribing agency GE_BSU
080 ## - UNIVERSAL DECIMAL CLASSIFICATION NUMBER
Universal Decimal Classification number 551.4
100 ## - MAIN ENTRY--PERSONAL NAME
Personal name Huggett,Richard John.
245 ## - TITLE STATEMENT
Title Fundamentals of Geomorphology. Routledge Fundamentals of Physical Geography.
260 ## - PUBLICATION, DISTRIBUTION, ETC.
Place of publication, distribution, etc. London
260 ## - PUBLICATION, DISTRIBUTION, ETC.
Date of publication, distribution, etc. 2003
300 ## - PHYSICAL DESCRIPTION
Extent 386c. 24sm.
653 ## - INDEX TERM--UNCONTROLLED
Uncontrolled term ls of Geomorphology. Routledge Fundamentals of Physical Geography
942 ## - ADDED ENTRY ELEMENTS (KOHA)
Koha item type წიგნი
ეგზემპლარები
Withdrawn status Lost status Source of classification or shelving scheme Damaged status Not for loan Permanent Location Current Location Shelving location Date acquired Cost, normal purchase price Full call number Barcode Date last seen Copy number Price effective from Koha item type Public note
          ბათუმის შოთა რუსთაველის სახელმწიფო უნივერსიტეტის მთავარი ბიბლიოთეკა ბათუმის შოთა რუსთაველის სახელმწიფო უნივერსიტეტის მთავარი ბიბლიოთეკა წიგნსაცავი 2018-12-17 200.00 551.4 H-88 4107 2018-12-17 4107 2018-12-17 წიგნი 200 ლ.